Bandeiras da Oceania - Statistics

Estatísticas Gerais
  • Esse quiz foi jogado 469 vezes
  • A pontuação média é 16 de 28
Estatísticas das Respostas
Imagem Resposta % Correto
Austrália
99%
Nova Zelândia
92%
Papua Nova Guiné
86%
Fiji
85%
Estados Federados da Micronésia
84%
Ilhas Marshall
84%
Palau
83%
Kiribati
81%
Ilhas Salomão
80%
Vanuatu
79%
Nauru
78%
Tonga
78%
Samoa
73%
Tuvalu
71%
Guam (EUA)
51%
Ilhas Cook (Nova Zelândia)
49%
Nova Caledônia (França)
41%
Polinésia Francesa (França)
41%
Samoa Americana (EUA)
39%
Ilhas Cocos (ou Keeling) (Austrália)
34%
Ilha Christmas (Austrália)
32%
Ilha Norfolk (Austrália)
32%
Niue (Nova Zelândia)
31%
Toquelau (Nova Zelândia)
25%
Havaí (EUA)
19%
Ilhas Marianas Setentoriais (EUA)
15%
Ilhas Pitcairn (Reino Unido)
15%
Wallis e Futuna (França)
11%
Nenhum quiz correspondente encontrado
Distribuição das Pontuações
Porcentagem de Pessoas com Cada Pontuação
Percentil de Números Respondidos
Sua Pontuação Histórica
Você não jogou esse quiz